000 00520nam a22001817a 4500
005 20251108164101.0
008 250721s1991 xx 000 0 ara d
082 1 4 _a155.4/دبع
100 1 _aالدبعي، جمال
245 1 0 _aالنمو البدني عند الطفل /
264 1 _aعمان :
_bدار الفكر للنشر و التوزيع،
_c1991.
300 _a125ص
650 1 7 _aالأطفال
650 1 7 _aالدراسات
700 1 _aالدباس، جمال
942 _2ddc
_cBK
999 _c3171
_d3171